000 00333pam a2200157a 44500
008 230515b1917 xxu||||| |||| 00| 0 eng d
020 _aNULL
041 _aHINDI
082 _a1
100 _aKIJAWADEKAR
245 _aSANDHIPRKARAN
250 _a1
260 _aSANGALI
_bN.D.
_c1917
300 _a100
650 _aSANDHIPRKARAN
999 _c496947
_d496947